Statistics for Guess The Country Depicted in The Painting

Click here to take the quiz!

General Stats

  • This quiz has been taken 32 times
  • The average score is 8 of 16

Answer Stats

Answer% Correct
Russia
93%
France
73%
Japan
67%
United States
67%
United Kingdom
63%
Netherlands
60%
Egypt
57%
Greece
57%
Mauritius
57%
India
50%
China
47%
Spain
40%
Austria
23%
Iceland
23%
Mexico
20%
Norway
17%

Score Distribution

Percentile by Number Answered

Percent of People with Each Score

Your Score History

You have not taken this quiz